Normal view
MARC view
- تأليف: احمد، احمد كمال
Entry Personal Name
001 - CONTROL NUMBER
- control field: 8489
003 - CONTROL NUMBER IDENTIFIER
- control field: JO-AjAnu
005 - DATE AND TIME OF LATEST TRANSACTION
- control field: 20230606071653.0
008 - FIXED-LENGTH DATA ELEMENTS
- fixed length control field: 230606|| aca||aabn | a|a d
040 ## - CATALOGING SOURCE
- Original cataloging agency: JO-AjAnu
- Transcribing agency: JO-AjAnu
100 ## - HEADING--PERSONAL NAME
- Personal name: تأليف: احمد، احمد كمال
670 ## - SOURCE DATA FOUND
- Source citation: Work cat.: (JO-AjAnu)4383: تأليف: احمد، احمد كمال, author, منهاج الخدمة الاجتماعية في خدمة الفرد